Capitali per Fuso Orario - UTC+12 - Statistics

Statistiche generali
  • Questo quiz è stato fatto 5 volte
  • Il punteggio medio è 2 su 6
Statistiche sulle risposte
Continente Capitale % Corretto
Oceania Wellington
100%
Oceania Funafuti
40%
Oceania Suva
40%
Oceania Majuro
20%
Oceania Tarawa Sud
20%
Oceania Yaren
20%
Nessun quiz corrispondente trovato
Distribuzione punteggi
Percentuale di utenti per punteggio
Percentile per numero di risposta
I tuoi punteggi nel tempo
Non hai fatto questo quiz